Globalization and literature / (Record no. 151715)

MARC details
000 -LEADER
fixed length control field 00711nam a22001937a 4500
005 - DATE AND TIME OF LATEST TRANSACTION
control field 20180424113455.0
010 ## - LCCN (DPL NO)
LC control number B-691529-530
020 ## - INTERNATIONAL STANDARD BOOK NUMBER
Terms of availability 895.00
International Standard Book Number 9788131607947
035 ## - SYSTEM CONTROL NUMBER
System control number B-691529-530
037 ## - SOURCE OF ACQUISITION
Source of stock number/acquisition R.K.Books
082 ## - DEWEY DECIMAL CLASSIFICATION NUMBER
Classification number 070.50905
100 ## - MAIN ENTRY--PERSONAL NAME
Personal name Gupta, Suman
245 ## - TITLE STATEMENT
Title Globalization and literature /
Statement of responsibility, etc by Suman Gupta
260 ## - PUBLICATION, DISTRIBUTION, ETC. (IMPRINT)
Place of publication, distribution, etc Jaipur
Name of publisher, distributor, etc Rawat Publication
Date of publication, distribution, etc 2016
270 ## - ADDRESS
Address Satyam Apts, Sector3, Jawhara Nagar
City Jaipur
Postal code 302004
300 ## - PHYSICAL DESCRIPTION
Extent 190p.
Other physical details 24cm(Hb).
942 ## - ADDED ENTRY ELEMENTS (KOHA)
Source of classification or shelving scheme Dewey Decimal Classification
Item type English Books
Classification part 070.50905
Call number suffix GUP
Holdings
Withdrawn status Lost status Not for loan Collection code Home library Current library Date acquired Source of acquisition Cost, normal purchase price Full call number Barcode Copy number Cost, replacement price Koha item type
      Non-fiction Bawana Bawana 24/04/2018 R.K.Books IN4122/17-18/26.03.2018/897/23.03.2018/27.03.2018 895.00 070.50905 GUP B-691530 1 895.00 English Books
      Non-fiction Narela Narela 24/04/2018 R.K.Books IN4122/17-18/26.03.2018/897/23.03.2018/27.03.2018 895.00 070.50905 GUP B-691529 1 895.00 English Books

© Delhi Public Library
Hit Counter
free hit counter